Central Library OPAC University of Rajshahi

General office practice / (Record no. 14264)

MARC details
000 -LEADER
fixed length control field 00831cam a22002771 4500
001 - CONTROL NUMBER
control field 14264
003 - CONTROL NUMBER IDENTIFIER
rucl marc code BD-RjUL
005 - DATE AND TIME OF LATEST TRANSACTION
control field 20211208235610.0
008 - FIXED-LENGTH DATA ELEMENTS--GENERAL INFORMATION
fixed length control field 140205m19611958nyua 001 0 eng
035 ## - SYSTEM CONTROL NUMBER
System control number (BD-RjUL)14316
System control number (OCoLC)943871
040 ## - CATALOGING SOURCE
Original cataloging agency DLC
Transcribing agency PCoR
Modifying agency BD-RjUL
Language of cataloging eng
041 ## - LANGUAGE CODE
Language code of text/sound track or separate title eng
082 ## - DEWEY DECIMAL CLASSIFICATION NUMBER
Classification number 651
Author mark and year ARG 1961
100 1# - MAIN ENTRY--PERSONAL NAME
Personal name Archer, Fred C.
Dates associated with a name 1915-
9 (RLIN) 44550
245 10 - TITLE STATEMENT
Title General office practice /
Statement of responsibility, etc. Fred C. Archer, Raymond F. Brecker [and] John C. Frakes.
260 ## - PUBLICATION, DISTRIBUTION, ETC. (IMPRINT)
Place of publication, distribution, etc. New York :
Name of publisher, distributor, etc. Gregg Pub. Division, McGraw-Hill,
Date of publication, distribution, etc. c1958 [1961].
300 ## - PHYSICAL DESCRIPTION
Pagination vii, 504 p. :
Illustrations illus. ;
Size 23 cm.
504 ## - BIBLIOGRAPHY, ETC. NOTE
Bibliography, etc Include index.
650 #0 - SUBJECT ADDED ENTRY--TOPICAL TERM
Topical term or geographic name as entry element Office practice.
9 (RLIN) 44551
700 1# - ADDED ENTRY--PERSONAL NAME
Personal name Brecker, Raymond F.
Personal name Frakes, John C.
942 ## - ADDED ENTRY ELEMENTS (KOHA)
Source of classification or shelving scheme Dewey Decimal Classification
Koha item type Books
Holdings
Lost status Source of classification or shelving scheme Damaged status Not for loan Collection code Permanent Location Current Location Shelving location Date acquired Source of acquisition Cost, normal purchase price Total Checkouts Full call number Date last seen Copy number Koha item type
  Dewey Decimal Classification     Non-fiction Central Library, University of Rajshahi Central Library, University of Rajshahi   06/12/2062 Zeitlinger 34.60   651 ARG 1961 05/02/2014 C-2 Books
  Dewey Decimal Classification   Not For Loan Non-fiction Central Library, University of Rajshahi Central Library, University of Rajshahi Reading Room 06/12/1962 Zeitlinger 34.60   651 ARG 1958 03/06/2017 C-1 Books
  Dewey Decimal Classification     Non-fiction Central Library, University of Rajshahi Central Library, University of Rajshahi   06/12/1962 Zeitlinger 34.60   651 ARG 1958 03/06/2017 C-3 Books